[Event "Heraklion Fischer Memorial 9th"]
[Site "Heraklion"]
[Date "2023.11.05"]
[Round "5"]
[White "Gdanski, Jacek"]
[Black "Szwed, Jacek"]
[Result "1-0"]
[WhiteElo "2487"]
[BlackElo "2369"]
[PlyCount "81"]
[EventDate "2023.11.01"]
[EventType "tourn"]
[EventRounds "9"]
[EventCountry "GRE"]
[EventCategory "6"]
[SourceTitle "CB46_2023"]
[SourceDate "2023.11.15"]
[SourceVersion "1"]
[SourceVersionDate "2023.11.15"]
[SourceQuality "1"]

1. e4 e5 2. Nf3 Nf6 3. Nxe5 d6 4. Nf3 Nxe4 5. d4 d5 6. Bd3 Bd6 7. 0-0 0-0 8. c4 c6 9. Re1 Bf5 10. Qb3 Qd7 11. c5 Bc7 12. Nbd2 Be6 13. Qc2 f5 14. a3 Qf7 15. Ne5 Bxe5 16. dxe5 Nd7 17. b4 Nxe5 18. Bb2 Nxd3 19. Qxd3 Nxd2 20. Qxd2 d4 21. Qxd4 Bd5 22. f3 Rfe8 23. h4 Re7 24. Rxe7 Qxe7 25. Bc3 Qc7 26. Re1 Rd8 27. Qe5 Qxe5 28. Rxe5 Rf8 29. Kf2 f4 30. h5 Rf7 31. b5 Kf8 32. b6 a6 33. Rg5 Be6 34. Be5 Rd7 35. Bxf4 h6 36. Re5 Kf7 37. g4 Rd3 38. Re3 Rd5 39. Bd6 Rd4 40. Kg3 Rd5 41. f4 1-0

[Event "Heraklion Fischer Memorial 9th"]
[Site "Heraklion"]
[Date "2023.11.03"]
[Round "3"]
[White "Gdanski, Jacek"]
[Black "Hristodoulou, Panagiotis"]
[Result "1/2-1/2"]
[WhiteElo "2487"]
[BlackElo "2370"]
[PlyCount "29"]
[EventDate "2023.11.01"]
[EventType "tourn"]
[EventRounds "9"]
[EventCountry "GRE"]
[EventCategory "6"]
[SourceTitle "CB46_2023"]
[SourceDate "2023.11.15"]
[SourceVersion "1"]
[SourceVersionDate "2023.11.15"]
[SourceQuality "1"]

1. e4 e6 2. d4 d5 3. Nd2 c5 4. exd5 Qxd5 5. Ngf3 cxd4 6. Bc4 Qd8 7. Nb3 Qc7 8. Qxd4 Nc6 9. Qh4 Be7 10. Bg5 Ne5 11. Bb5+ Bd7 12. Bxd7+ Nxd7 13. 0-0 Ngf6 14. c3 0-0 15. Rad1 1/2-1/2

[Event "SWE-chT 2324 Elite"]
[Site "Sweden"]
[Date "2023.10.14"]
[Round "2.5"]
[White "Sorensen, Hampus"]
[Black "Gdanski, Jacek"]
[Result "1/2-1/2"]
[WhiteElo "2470"]
[BlackElo "2484"]
[PlyCount "158"]
[EventDate "2023.10.13"]
[EventType "team-tourn"]
[EventRounds "9"]
[EventCountry "SWE"]
[SourceTitle "Mega2024 Update 01"]
[Source "Chessbase"]
[SourceDate "2023.11.12"]
[SourceVersion "1"]
[SourceVersionDate "2023.11.12"]
[SourceQuality "1"]
[WhiteTeam "Stockholm Rockaden"]
[BlackTeam "Eksjo"]
[WhiteTeamCountry "SWE"]
[BlackTeamCountry "SWE"]

1. d4 Nf6 2. c4 c5 3. d5 g6 4. Nc3 d6 5. e4 Bg7 6. h3 0-0 7. Bd3 e6 8. Nf3 exd5 9. cxd5 b6 10. 0-0 Ba6 11. Bf4 Re8 12. Re1 Bxd3 13. Qxd3 a6 14. a4 Ra7 15. Bh2 Bf8 16. Nd2 Nbd7 17. f4 Qb8 18. Kh1 Nh5 19. Nc4 b5 20. Na5 c4 21. Qe3 Ra8 22. Nc6 Qb7 23. axb5 axb5 24. Rxa8 Rxa8 25. e5 b4 26. Ne4 c3 27. bxc3 b3 28. Rb1 b2 29. Qe1 Qb3 30. Nd4 Qxd5 31. Rxb2 Nc5 32. Nxc5 dxc5 33. Nb5 Ra4 34. Qf1 Qe4 35. Nd6 Qb1 36. Rxb1 Ra2 37. Re1 Ng7 38. Ne4 Be7 39. Qf3 Ra1 40. Nf6+ Bxf6 41. Qa8+ Rxa8 42. exf6 Nh5 43. g4 Nxf6 44. Re5 c4 45. Bg1 h5 46. g5 Ne8 47. Rc5 Nd6 48. Bd4 Ne4 49. Rc6 Kf8 50. Kg2 Ke7 51. Kf3 Kd7 52. Rb6 Nxc3 53. Rb4 Ra3 54. Rxc4 Nb5+ 55. Kg2 Ra2+ 56. Bf2 Nd6 57. Rb4 Ke6 58. Rb6 Kd5 59. Kf3 Ra3+ 60. Kg2 Rd3 61. Ra6 Ke4 62. Ra4+ Kf5 63. Bg3 Rd2+ 64. Kf3 Rd3+ 65. Kg2 Rc3 66. Ra5+ Ke6 67. Re5+ Kd7 68. Bf2 Nf5 69. Rd5+ Ke6 70. Re5+ Kd6 71. Ra5 Rb3 72. Ra7 Ke6 73. Ra6+ Kd5 74. Ra5+ Kc6 75. Ra6+ Kd5 76. Ra5+ Ke4 77. Ra4+ Kd3 78. Ra7 Ke4 79. Ra4+ Kd5 1/2-1/2

[Event "WchT Seniors 50"]
[Site "Struga"]
[Date "2023.09.26"]
[Round "7.1"]
[White "Paronen, Petteri"]
[Black "Gdanski, Jacek"]
[Result "0-1"]
[WhiteElo "1938"]
[BlackElo "2484"]
[PlyCount "64"]
[EventDate "2023.09.19"]
[EventType "team-swiss"]
[EventRounds "9"]
[EventCountry "MKD"]
[SourceTitle "EXT 2024"]
[Source "ChessBase"]
[SourceDate "2023.10.10"]
[SourceVersion "1"]
[SourceVersionDate "2023.10.10"]
[SourceQuality "1"]
[WhiteTeam "Finland 50"]
[BlackTeam "Poland 50"]
[WhiteTeamCountry "FIN"]
[BlackTeamCountry "POL"]

1. e4 e6 2. d4 d5 3. Nc3 Bb4 4. Qd3 Nf6 5. e5 Ne4 6. Nge2 c5 7. f3 cxd4 8. fxe4 dxc3 9. bxc3 Be7 10. Bf4 0-0 11. g3 dxe4 12. Qxe4 Nd7 13. Bg2 Nc5 14. Qd4 Qc7 15. Qe3 Bd7 16. 0-0 Rac8 17. Rab1 b6 18. h4 a6 19. Rfd1 Bb5 20. Rd3 Nxd3 21. cxd3 Rfd8 22. Be4 Bc5 23. d4 Bf8 24. Bd3 Bxd3 25. Qxd3 b5 26. Kh2 b4 27. Rc1 Qc4 28. Qd2 bxc3 29. Rxc3 Bb4 30. Rxc4 Bxd2 31. Rxc8 Rxc8 32. Bxd2 Rc2 0-1

[Event "Katowice POL-HUN 10th"]
[Site "Katowice"]
[Date "2023.09.10"]
[Round "6"]
[White "Smagacz, Dariusz"]
[Black "Gdanski, Jacek"]
[Result "0-1"]
[WhiteElo "2110"]
[BlackElo "2484"]
[PlyCount "66"]
[EventDate "2023.09.09"]
[EventType "swiss (rapid)"]
[EventRounds "9"]
[EventCountry "POL"]
[SourceTitle "EXT 2024"]
[Source "ChessBase"]
[SourceDate "2023.10.10"]
[SourceVersion "1"]
[SourceVersionDate "2023.10.10"]
[SourceQuality "1"]

1. e4 e6 2. d4 d5 3. e5 c5 4. c3 Nc6 5. Nf3 Bd7 6. Be2 Nge7 7. 0-0 Nf5 8. Na3 cxd4 9. cxd4 Qb6 10. Nc2 Rc8 11. b3 Nb4 12. Nxb4 Bxb4 13. Bb2 Bb5 14. Rc1 0-0 15. Bxb5 Qxb5 16. Rc2 Rc6 17. Rxc6 Qxc6 18. Qd3 Rc8 19. g4 Ne7 20. Rc1 Qd7 21. a3 Ba5 22. Rc2 Rc6 23. b4 Bb6 24. a4 h6 25. b5 Rc8 26. Ba3 Ng6 27. Qd2 Rc4 28. Rxc4 dxc4 29. Bd6 Qc8 30. Qb4 c3 31. Bc5 Nf4 32. Qc4 Ba5 33. Qf1 c2 0-1

[Event "Katowice POL-HUN 10th"]
[Site "Katowice"]
[Date "2023.09.09"]
[Round "3"]
[White "Gdanski, Jacek"]
[Black "Kasperek, Ryszard"]
[Result "1-0"]
[WhiteElo "2484"]
[BlackElo "2041"]
[PlyCount "73"]
[EventDate "2023.09.09"]
[EventType "swiss (rapid)"]
[EventRounds "9"]
[EventCountry "POL"]
[SourceTitle "EXT 2024"]
[Source "ChessBase"]
[SourceDate "2023.10.10"]
[SourceVersion "1"]
[SourceVersionDate "2023.10.10"]
[SourceQuality "1"]

1. e4 c5 2. Nf3 e6 3. d4 cxd4 4. Nxd4 a6 5. Bd3 Nc6 6. Nxc6 dxc6 7. 0-0 e5 8. Nd2 Be6 9. Nc4 Bxc4 10. Bxc4 Qxd1 11. Rxd1 Nf6 12. f3 Bc5+ 13. Kf1 Ke7 14. Bg5 Rhd8 15. Ke2 h6 16. Bh4 g5 17. Bg3 Nd7 18. h4 f6 19. Rh1 Rh8 20. Rh3 b5 21. Bb3 Nb6 22. Rah1 g4 23. fxg4 a5 24. g5 fxg5 25. hxg5 a4 26. Bxe5 axb3 27. Bxh8 Rxh8 28. axb3 h5 29. Rxh5 Rxh5 30. Rxh5 Bd4 31. Rh7+ Ke8 32. g6 Nd7 33. c3 Be5 34. Kf3 Nf6 35. Rb7 Nd7 36. Kg4 Nc5 37. g7 1-0

[Event "Stockholm Elite Hotels GP"]
[Site "Stockholm"]
[Date "2022.11.05"]
[Round "6"]
[White "Golubka, Petr"]
[Black "Gdanski, Jacek"]
[Result "1/2-1/2"]
[WhiteElo "2375"]
[BlackElo "2493"]
[PlyCount "76"]
[EventDate "2022.11.04"]
[EventType "swiss"]
[EventRounds "8"]
[EventCountry "SWE"]
[SourceTitle "EXT 2024"]
[Source "ChessBase"]
[SourceDate "2023.10.10"]
[SourceVersion "1"]
[SourceVersionDate "2023.10.10"]
[SourceQuality "1"]

1. e4 e6 2. Qe2 c5 3. Nf3 Nc6 4. g3 Nf6 5. Bg2 d5 6. exd5 Nxd5 7. 0-0 Be7 8. Rd1 Nd4 9. Nxd4 cxd4 10. c4 Nb4 11. d3 Nc6 12. Nd2 0-0 13. f4 Re8 14. Nf3 Qc7 15. Bd2 b6 16. Ne5 Bb7 17. Qe4 Nd8 18. Qe2 a5 19. Be1 Bd6 20. Bxb7 Nxb7 21. Nf3 e5 22. fxe5 Bxe5 23. Nxe5 Rxe5 24. Qg4 Rd8 25. Bf2 h5 26. Qf4 Qd6 27. Re1 f6 28. Re4 Rxe4 29. Qxe4 Nc5 30. Qg6 Qe6 31. h4 Qg4 32. Qxg4 hxg4 33. Rd1 Kf7 34. Kf1 f5 35. Ke2 Kf6 36. Kd2 Ne6 37. Rh1 Kf7 38. Kd1 Kf6 1/2-1/2

[Event "POL-ch blitz"]
[Site "Suwalki"]
[Date "2022.09.24"]
[Round "15"]
[White "Gdanski, Jacek"]
[Black "Bancarewicz, Aleks"]
[Result "1-0"]
[WhiteElo "2493"]
[BlackElo "1920"]
[PlyCount "61"]
[EventDate "2022.09.24"]
[EventType "swiss (blitz)"]
[EventRounds "15"]
[EventCountry "POL"]
[SourceTitle "CBM 210 Extra"]
[Source "ChessBase"]
[SourceDate "2022.11.30"]
[SourceVersion "1"]
[SourceVersionDate "2022.11.30"]
[SourceQuality "1"]

1. e4 c5 2. Nc3 d6 3. f4 g6 4. Nf3 Bg7 5. Bc4 Nc6 6. 0-0 e6 7. d3 Nge7 8. Bb3 0-0 9. Qe1 d5 10. f5 gxf5 11. Qh4 fxe4 12. dxe4 Nd4 13. Qh5 c4 14. Ba4 Nxf3+ 15. Rxf3 d4 16. Rh3 f6 17. Qxh7+ Kf7 18. Qh5+ Kg8 19. Qh7+ Kf7 20. Bh6 Rg8 21. Rg3 Qf8 22. Nb5 Nf5 23. exf5 exf5 24. Nd6+ Qxd6 25. Rxg7+ Rxg7 26. Qxg7+ Ke6 27. Re1+ Kd5 28. Qg8+ Be6 29. Qxa8 d3 30. Qxb7+ Kc5 31. Be3+ 1-0

[Event "POL-ch blitz"]
[Site "Suwalki"]
[Date "2022.09.24"]
[Round "9"]
[White "Gdanski, Jacek"]
[Black "Ryszkiewicz, Adam"]
[Result "0-1"]
[WhiteElo "2493"]
[BlackElo "1954"]
[PlyCount "92"]
[EventDate "2022.09.24"]
[EventType "swiss (blitz)"]
[EventRounds "15"]
[EventCountry "POL"]
[SourceTitle "CBM 210 Extra"]
[Source "ChessBase"]
[SourceDate "2022.11.30"]
[SourceVersion "1"]
[SourceVersionDate "2022.11.30"]
[SourceQuality "1"]

1. e4 e5 2. Nc3 Nf6 3. Bc4 Nc6 4. d3 Bc5 5. h3 d6 6. Nf3 Be6 7. Bb3 Qd7 8. Be3 Bb6 9. Qd2 0-0-0 10. 0-0-0 d5 11. Bxb6 axb6 12. Rhe1 d4 13. Nd5 Nxd5 14. exd5 Bxd5 15. Nxe5 Nxe5 16. Rxe5 Bxb3 17. axb3 f6 18. Re4 Qd5 19. Rde1 Rd7 20. Qf4 Rhd8 21. g4 Qa5 22. Kb1 Qc5 23. Re6 h5 24. f3 hxg4 25. fxg4 Qd5 26. h4 Rd6 27. Re7 R6d7 28. h5 Rxe7 29. Rxe7 Rd7 30. Re8+ Rd8 31. Re1 Qd6 32. Qf5+ Qd7 33. Qg6 b5 34. Re4 b6 35. h6 gxh6 36. Qxf6 Kb7 37. Qxh6 Qf7 38. Qf4 Qg7 39. Re5 Rf8 40. Rf5 Re8 41. Qf3+ Ka7 42. Rf7 Qe5 43. Qf4 Qe1+ 44. Ka2 Qa5+ 45. Kb1 Re1+ 46. Qc1 Rxc1+ 0-1

[Event "Warsaw Maciei Memorial"]
[Site "Warsaw"]
[Date "2022.07.08"]
[Round "7"]
[White "Gdanski, Jacek"]
[Black "Goraj, Barbara"]
[Result "1-0"]
[WhiteElo "2493"]
[BlackElo "2035"]
[PlyCount "45"]
[EventDate "2022.07.08"]
[EventType "swiss (blitz)"]
[EventRounds "11"]
[EventCountry "POL"]
[SourceTitle "CBM 209 Extra"]
[Source "ChessBase"]
[SourceDate "2022.09.30"]
[SourceVersion "1"]
[SourceVersionDate "2022.09.30"]
[SourceQuality "1"]

1. e4 c5 2. Nc3 Nc6 3. Nf3 d6 4. d4 cxd4 5. Nxd4 Nf6 6. Bc4 e6 7. Be3 Be7 8. Bb3 0-0 9. Qe2 a6 10. 0-0-0 Nxd4 11. Bxd4 b5 12. e5 dxe5 13. Bxe5 Qb6 14. Ne4 Nxe4 15. Qxe4 Bb7 16. Qg4 g6 17. Rd7 Rfe8 18. Rhd1 Rad8 19. Bc7 Rxd7 20. Bxb6 Rxd1+ 21. Qxd1 Bg5+ 22. Kb1 Be4 23. Qg4 1-0

[Event "Warsaw Maciei Memorial"]
[Site "Warsaw"]
[Date "2022.07.08"]
[Round "1"]
[White "Gdanski, Jacek"]
[Black "Prokopiuk, Jakub"]
[Result "1-0"]
[WhiteElo "2493"]
[BlackElo "1481"]
[PlyCount "65"]
[EventDate "2022.07.08"]
[EventType "swiss (blitz)"]
[EventRounds "11"]
[EventCountry "POL"]
[SourceTitle "CBM 209 Extra"]
[Source "ChessBase"]
[SourceDate "2022.09.30"]
[SourceVersion "1"]
[SourceVersionDate "2022.09.30"]
[SourceQuality "1"]

1. e4 c5 2. Nc3 Nc6 3. Nf3 g6 4. Bb5 Nd4 5. Bc4 e6 6. 0-0 Bg7 7. Nxd4 Bxd4 8. Nb5 Be5 9. f4 Bb8 10. d4 a6 11. Nc3 b5 12. Bd3 cxd4 13. Ne2 Ne7 14. Nxd4 0-0 15. Kh1 f5 16. b3 Bb7 17. Qe2 Ba7 18. Bb2 fxe4 19. Bxe4 Bxe4 20. Qxe4 Nd5 21. Nxe6 dxe6 22. Qxe6+ Rf7 23. Rad1 Qe8 24. Qxd5 Bb6 25. Rfe1 Qf8 26. Qe5 Rf6 27. Qxf6 Qxf6 28. Bxf6 Rf8 29. Be5 Rc8 30. c3 Ba5 31. h3 Kf7 32. Rd7+ Ke6 33. Rd6+ 1-0

[Event "SWE-chT 2122 Elite"]
[Site "Sweden"]
[Date "2022.05.14"]
[Round "8.1"]
[White "Gdanski, Jacek"]
[Black "Carlsson, Ludvig"]
[Result "1/2-1/2"]
[WhiteElo "2499"]
[BlackElo "2355"]
[PlyCount "31"]
[EventDate "2021.12.03"]
[EventType "team-tourn"]
[EventRounds "9"]
[EventCountry "SWE"]
[SourceTitle "EXT 2023"]
[Source "ChessBase"]
[SourceDate "2022.10.05"]
[SourceVersion "1"]
[SourceVersionDate "2022.10.05"]
[SourceQuality "1"]
[WhiteTeam "Eksjo"]
[BlackTeam "Vasteras"]
[WhiteTeamCountry "SWE"]
[BlackTeamCountry "SWE"]

1. c4 e6 2. Nf3 d5 3. g3 Nf6 4. Bg2 Be7 5. d4 0-0 6. Qc2 c5 7. dxc5 Qa5+ 8. Nc3 Nc6 9. cxd5 Nxd5 10. 0-0 Qxc5 11. Bd2 Bd7 12. Qb3 Na5 13. Qd1 Nc4 14. Nxd5 Qxd5 15. Bc3 Bc6 16. Qxd5 1/2-1/2

[Event "POL-ch Ekstraliga Rapid Final"]
[Site "Bydgoszcz"]
[Date "2022.03.13"]
[Round "6.3"]
[White "Wieczorek, Oskar"]
[Black "Gdanski, Jacek"]
[Result "0-1"]
[WhiteElo "2500"]
[BlackElo "2499"]
[PlyCount "70"]
[EventDate "2022.03.12"]
[EventType "team-k.o. (rapid)"]
[EventRounds "6"]
[EventCountry "POL"]
[SourceTitle "CBM 207 Extra"]
[Source "ChessBase"]
[SourceDate "2022.05.31"]
[SourceVersion "1"]
[SourceVersionDate "2022.05.31"]
[SourceQuality "1"]
[WhiteTeam "Wroclaw Polonia"]
[BlackTeam "Katowice Wasko"]
[WhiteTeamCountry "POL"]
[BlackTeamCountry "POL"]

1. e4 e6 2. d4 d5 3. Nd2 c5 4. exd5 exd5 5. Ngf3 Nc6 6. Bb5 Bd6 7. dxc5 Bxc5 8. 0-0 Nge7 9. Nb3 Bd6 10. Bg5 0-0 11. Re1 Bg4 12. h3 Bh5 13. c3 h6 14. Bxe7 Nxe7 15. Bd3 a6 16. Nbd4 Bc7 17. Nf5 Nc6 18. g4 Bg6 19. Qd2 Qf6 20. Kg2 Rad8 21. Rad1 Rfe8 22. Rxe8+ Rxe8 23. Re1 Rd8 24. h4 Bxf5 25. Bxf5 d4 26. cxd4 Ba5 27. Qf4 Bxe1 28. g5 Qd6 29. Qg4 Ba5 30. gxh6 Qxh6 31. Ng5 Nxd4 32. Bh7+ Kf8 33. Be4 Bc7 34. h5 Ne6 35. Nf3 Nf4+ 0-1

[Event "POL-ch Ekstraliga-A Rapid"]
[Site "Bydgoszcz"]
[Date "2022.03.12"]
[Round "9.3"]
[White "Butkiewicz, Lukasz"]
[Black "Gdanski, Jacek"]
[Result "1/2-1/2"]
[WhiteElo "2366"]
[BlackElo "2499"]
[PlyCount "109"]
[EventDate "2022.03.11"]
[EventType "team-tourn (rapid)"]
[EventRounds "10"]
[EventCountry "POL"]
[SourceTitle "CBM 207 Extra"]
[Source "ChessBase"]
[SourceDate "2022.05.31"]
[SourceVersion "1"]
[SourceVersionDate "2022.05.31"]
[SourceQuality "1"]
[WhiteTeam "Wisznia Mala Bialy Krol"]
[BlackTeam "Katowice Wasko"]
[WhiteTeamCountry "POL"]
[BlackTeamCountry "POL"]

1. e4 e6 2. d4 d5 3. Bd3 Nc6 4. c3 e5 5. dxe5 Nxe5 6. Bc2 Nf6 7. exd5 Qxd5 8. Qxd5 Nxd5 9. Ne2 Bg4 10. Nf4 0-0-0 11. h3 Nxf4 12. Bxf4 Ng6 13. Be3 Be6 14. Nd2 Bd6 15. 0-0 Rhe8 16. Rfe1 Bf4 17. Bxf4 Nxf4 18. Nb3 Nd3 19. Bxd3 Rxd3 20. Re2 b6 21. Nd4 c5 22. Nxe6 Rxe6 23. Rae1 Rxe2 24. Rxe2 Kd7 25. f3 a5 26. Kf2 a4 27. a3 Kd6 28. Ke1 Rd5 29. Re8 Re5+ 30. Rxe5 Kxe5 31. Ke2 g5 32. Ke3 Kd5 33. Kd3 f5 34. c4+ Ke5 35. Ke3 f4+ 36. Kd3 h5 37. Kc3 Kf5 38. Kd3 g4 39. hxg4+ hxg4 40. fxg4+ Kxg4 41. Ke4 Kg3 42. Kf5 f3 43. gxf3 Kxf3 44. Ke5 Ke3 45. Kd5 Kd3 46. Kc6 Kc2 47. Kxb6 Kxb2 48. Kxc5 Kxa3 49. Kd6 Kb4 50. c5 a3 51. c6 a2 52. c7 a1Q 53. c8Q Qd4+ 54. Ke7 Qg7+ 55. Kd6 1/2-1/2

[Event "POL-ch Ekstraliga-A Rapid"]
[Site "Bydgoszcz"]
[Date "2022.03.12"]
[Round "10.3"]
[White "Gdanski, Jacek"]
[Black "Redzisz, Michal"]
[Result "1-0"]
[WhiteElo "2499"]
[BlackElo "2223"]
[PlyCount "53"]
[EventDate "2022.03.11"]
[EventType "team-tourn (rapid)"]
[EventRounds "10"]
[EventCountry "POL"]
[SourceTitle "CBM 207 Extra"]
[Source "ChessBase"]
[SourceDate "2022.05.31"]
[SourceVersion "1"]
[SourceVersionDate "2022.05.31"]
[SourceQuality "1"]
[WhiteTeam "Katowice Wasko"]
[BlackTeam "Jastrzebie Zdroj Pionier"]
[WhiteTeamCountry "POL"]
[BlackTeamCountry "POL"]

1. e4 e5 2. Nf3 Nf6 3. d4 Nxe4 4. Bd3 d5 5. Nxe5 Nd7 6. Nc3 Nxc3 7. bxc3 Nxe5 8. dxe5 c6 9. Rb1 Be7 10. 0-0 0-0 11. f4 f5 12. Be3 b5 13. a4 bxa4 14. g4 g6 15. gxf5 Bxf5 16. Rb7 Bc8 17. Rb1 Qa5 18. f5 Bxf5 19. Bxf5 gxf5 20. Rb7 Rf7 21. Kh1 Raf8 22. e6 Rg7 23. Bh6 Qa6 24. Rxe7 Rxe7 25. Rg1+ Kh8 26. Bxf8 Rxe6 27. Qd4+ 1-0

[Event "Wch Blitz"]
[Site "Warsaw"]
[Date "2021.12.29"]
[Round "1"]
[White "Erdos, Viktor"]
[Black "Gdanski, Jacek"]
[Result "1-0"]
[WhiteElo "2615"]
[BlackElo "2499"]
[PlyCount "47"]
[EventDate "2021.12.29"]
[EventType "swiss (blitz)"]
[EventRounds "21"]
[EventCountry "POL"]
[SourceTitle "CBM 205 Extra"]
[Source "ChessBase"]
[SourceDate "2022.01.31"]
[SourceVersion "1"]
[SourceVersionDate "2022.01.31"]
[SourceQuality "1"]

1. e4 e6 2. d4 d5 3. exd5 exd5 4. Nf3 c6 5. c4 Nf6 6. Nc3 Bb4 7. Bd3 0-0 8. 0-0 dxc4 9. Bxc4 Bg4 10. Be3 Nbd7 11. h3 Bh5 12. g4 Nb6 13. Bb3 Bg6 14. Ne5 Nbd5 15. Bd2 Bxc3 16. bxc3 Ne4 17. Rc1 Qh4 18. Kg2 Rad8 19. c4 Ndf6 20. Nf3 Nxd2 21. Nxh4 Be4+ 22. f3 Nxb3 23. axb3 Bg6 24. Qd2 1-0